Jainendra. (Record no. 57929)

MARC details
000 -LEADER
fixed length control field 00523cam a22002171 4500
001 - CONTROL NUMBER
control field sa 64003434
003 - CONTROL NUMBER IDENTIFIER
control field DLC
005 - DATE AND TIME OF LATEST TRANSACTION
control field 20260227112017.0
008 - FIXED-LENGTH DATA ELEMENTS--GENERAL INFORMATION
fixed length control field 890731s1963 ii 000 0 hino
010 ## - LIBRARY OF CONGRESS CONTROL NUMBER
LC control number sa 64003434
035 ## - SYSTEM CONTROL NUMBER
System control number (OCoLC)20102376
040 ## - CATALOGING SOURCE
Original cataloging agency DLC
Transcribing agency WaU
Modifying agency DLC
042 ## - AUTHENTICATION CODE
Authentication code premarc
050 00 - LIBRARY OF CONGRESS CALL NUMBER
Classification number PK2098.J26
Item number Z85
100 1# - MAIN ENTRY--PERSONAL NAME
Personal name Prakash, Satya.,
Dates associated with a name 1922-
245 10 - TITLE STATEMENT
Title Jainendra.
260 ## - PUBLICATION, DISTRIBUTION, ETC.
Date of publication, distribution, etc. [1963]
300 ## - PHYSICAL DESCRIPTION
Extent 14, 255 p.
Dimensions 22 cm.
500 ## - GENERAL NOTE
General note In Hindi.
600 00 - SUBJECT ADDED ENTRY--PERSONAL NAME
Personal name Jainendra Kumāra,
Dates associated with a name 1905-1988.

No items available.

Powered by Koha